Ч. 2; Социальная культурология

Xehetasun bibliografikoak
Parent link:Социальная культурология: Пособие для вузов/ Б. С. Ерасов. Ч. 2.— , 1994-
Hizkuntza:errusiera
Argitaratua: 1994
Gaiak:
Formatua: MixedMaterials Liburua
KOHA link:https://koha.lib.tpu.ru/cgi-bin/koha/opac-detail.pl?biblionumber=18377

MARC

LEADER 00000nam2a2200000 4500
001 18377
005 20231030191250.0
010 |a 5863180951 
035 |a (RuTPU)RU\TPU\book\18526 
035 |a BOOK00018595 
090 |a 18377 
100 |a 20011209d1994 m y0rusy50 ca 
101 0 |a rus 
102 |a RU 
105 |a y j 001zy 
200 0 |a Ч. 2 
210 |d 1994 
215 |a 238 с. 
320 |a Библиография: с. 220-228 
461 1 |0 (RuTPU)RU\TPU\book\45498  |t Социальная культурология  |o Пособие для вузов  |f Б. С. Ерасов  |v Ч. 2  |d 1994-  |s Программа: Обновление гуманитарного образования в России 
610 1 |a культура 
610 1 |a культурология 
610 1 |a социальная культурология 
610 1 |a социокультурная регуляция 
610 1 |a учебные пособия 
686 |a Ч111я73  |v LBC/SL-A  |2 rubbk 
686 |a С55.57я73  |v LBC/SL-A  |2 rubbk 
801 0 |a RU  |b 63413507  |c 20011209  |g PSBO 
801 2 |a RU  |b 63413507  |c 20181008  |g PSBO 
900 |a Культурология 
900 |a Социодинамика культуры 
942 |c BK